Enîsüt-Tâlibîn Uddetüs-Sâlikîn: Makamat-ı Nakşibendiyye (Record no. 20775)

000 -LEADER
fixed length control field 01393nmm a2200373 a 4500
001 - CONTROL NUMBER
control field ocm0002146835
003 - CONTROL NUMBER IDENTIFIER
control field TR-IsHL
005 - DATE AND TIME OF LATEST TRANSACTION
control field 20201028183941.0
008 - FIXED-LENGTH DATA ELEMENTS--GENERAL INFORMATION
fixed length control field 190428s2015 tu tur
007 - PHYSICAL DESCRIPTION FIXED FIELD--GENERAL INFORMATION
fixed length control field cr cn
020 ## - INTERNATIONAL STANDARD BOOK NUMBER
International Standard Book Number 9789944013666
035 ## - SYSTEM CONTROL NUMBER
System control number 2146835
-- (N$T)
050 04 - LIBRARY OF CONGRESS CALL NUMBER
Classification number BP166
Item number .S35 2015
090 04 - LOCALLY ASSIGNED LC-TYPE CALL NUMBER (OCLC); LOCAL CALL NUMBER (RLIN)
Classification number (OCLC) (R) ; Classification number, CALL (RLIN) (NR) BP166
Local cutter number (OCLC) ; Book number/undivided call number, CALL (RLIN) .S35 2015
100 1# - MAIN ENTRY--PERSONAL NAME
Personal name Salahüddin ibni Mübarek el-Buhari
245 10 - TITLE STATEMENT
Title Enîsüt-Tâlibîn Uddetüs-Sâlikîn: Makamat-ı Nakşibendiyye
Medium [electronic resource] /
Statement of responsibility, etc. Salahüddin ibni Mübarek el-Buhari ; hazırlayan Gülser Keçeci
250 ## - EDITION STATEMENT
Edition statement 5. Baskı
260 ## - PUBLICATION, DISTRIBUTION, ETC.
Place of publication, distribution, etc. İstanbul :
Name of publisher, distributor, etc. Buhara Yayınları,
Date of publication, distribution, etc. 2015
300 ## - PHYSICAL DESCRIPTION
Extent 336 p.
500 ## - GENERAL NOTE
General note Orjinal eser Enîsüt-Tâlibîn Uddetüs-Sâlikîn
International Standard Serial Number (SE) [OBSOLETE] Müellifi Salâhuddin b. Mübârek el-Buhâri, Mütercimi Süleyman İzzî Teşrifatî
650 #4 - SUBJECT ADDED ENTRY--TOPICAL TERM
Topical term or geographic name entry element Felsefe, Psikoloji ve Din
650 #4 - SUBJECT ADDED ENTRY--TOPICAL TERM
Topical term or geographic name entry element Philosophy, Psychology and Religion
650 #0 - SUBJECT ADDED ENTRY--TOPICAL TERM
Topical term or geographic name entry element İslam dini
General subdivision Mezhepler
650 #0 - SUBJECT ADDED ENTRY--TOPICAL TERM
Topical term or geographic name entry element Islam
General subdivision Sects
650 #0 - SUBJECT ADDED ENTRY--TOPICAL TERM
Topical term or geographic name entry element İslam dini
General subdivision Öğretiler
650 #0 - SUBJECT ADDED ENTRY--TOPICAL TERM
Topical term or geographic name entry element Islam
General subdivision Doctrines
650 #0 - SUBJECT ADDED ENTRY--TOPICAL TERM
Topical term or geographic name entry element Islamic Sufism
650 #0 - SUBJECT ADDED ENTRY--TOPICAL TERM
Topical term or geographic name entry element İslâm tasavvufu
650 #0 - SUBJECT ADDED ENTRY--TOPICAL TERM
Topical term or geographic name entry element Nakşibendilik
650 #0 - SUBJECT ADDED ENTRY--TOPICAL TERM
Topical term or geographic name entry element Naqshabandiyah
650 #7 - SUBJECT ADDED ENTRY--TOPICAL TERM
Topical term or geographic name entry element RELIGION / Islam / Rituals & Practice
Source of heading or term bisacsh
700 1# - ADDED ENTRY--PERSONAL NAME
Personal name Keçeci, Gülser
856 40 - ELECTRONIC LOCATION AND ACCESS
Uniform Resource Identifier <a href="http://search.ebscohost.com/login.aspx?direct=true&scope=site&db=e011xww&AN=2146835">http://search.ebscohost.com/login.aspx?direct=true&scope=site&db=e011xww&AN=2146835</a>
Holdings
Withdrawn status Lost status Source of classification or shelving scheme Damaged status Not for loan Collection code Permanent Location Current Location Date acquired Total Checkouts Full call number Barcode Date last seen Price effective from Koha item type
        Online   Kıbrıs Amerikan Üniversitesi Kütüphanesi / American University of Cyprus Kıbrıs Amerikan Üniversitesi Kütüphanesi / American University of Cyprus 28.10.2020   BP166 .S35 2015 2146835 28.10.2020 28.10.2020 E-Kitap
Devinim Yazılım Eğitim Danışmanlık tarafından Koha'nın orjinal sürümü uyarlanarak geliştirilip kurulmuştur.